000 00450cam a2200181ua 4500
020 _c6.00
041 _ahin
_h
082 _a891.54
_bNAR/SA
100 _aNarhir Da, Parikh .
245 _aSardar vallabhai,part-1 /
_cNarhir Da Parikh.
_hTextual Documents
250 _a1 /
_b.
260 _aAhmadabad :
_bNavajivan publishing house ,
_c1951.
300 _a544 ; .
365 _a6.00
504 _a
942 _cBK
999 _c8341
_d8341